000 00732nam a22001937a 4500
999 _c371513
_d371513
008 201127b ||||| |||| 00| 0 eng d
040 _aDE-2950
_bger
_cDE-2950
_erda
041 _ager
245 _aPreis auf Rekord-Niveau
_bKraftstoff: wegen stark gestiegener Beschaffungskosten hat sich auch Gas zum Tanken stark verteuert. Hat das Folgen für den Stadtverkehr?/
_cThomas Gutke
264 _c2022
653 _aFrankfurt (Oder)
653 _aKraftstoffpreis
653 _aErhöhung
773 _dFrankfurt (Oder) Märkisches Verlags- und Druckhaus GmbH & Co KG
_tMärkische Oderzeitung
_g33. Jahrgang (2022) Nr. 59 vom 11.03.2022, S. 13
942 _cA